| 000 | 00701nam a2200229 i 4500 | ||
|---|---|---|---|
| 001 | 102668 | ||
| 003 | ES-MaACL | ||
| 005 | 20230906183145.0 | ||
| 007 | t| | ||
| 008 | 051124s1979 pr ||||1| spa d | ||
| 080 | _a821.134.2(729.5)-14"19" | ||
| 100 | 1 |
_aLópez González, Salvador. _973684 |
|
| 245 | 1 | 0 |
_aA media asta / _cSalvador López González. |
| 250 | _a1ª ed. | ||
| 260 |
_aAguadilla, Puerto Rico : _bMester : _bInstituto de Cultura Puertorriqueña, _c1979. |
||
| 300 |
_a74 p. : _bil. ; _c19 cm. |
||
| 490 | 1 | _aPoiesis | |
| 710 | 2 |
_aInstituto de Cultura Puertorriqueña. _94858 |
|
| 830 | 0 |
_aPoiesis _9232531 |
|
| 852 |
_aES-MaACL _jE-11154 _bR.136872 |
||
| 999 |
_c102668 _d102668 |
||